| 000 | 00558nam a22001217a 4500 | ||
|---|---|---|---|
| 999 |
_c9768 _d9768 |
||
| 003 | OSt | ||
| 008 | 201212b ||||| |||| 00| 0 eng d | ||
| 245 | _aIndian Journal of Marketing | ||
| 250 | _a2007(Sep Vol.37 No.9. Oct Vol.37 No.10, Dec Vol.37 No.12) 2008(Jan Vol.38 No.1, Feb Vol.38 No.2, Mar Vol.38 No.3, Apr Vol.38 No.4, May Vol.38 No.5, Jun Vol.38 No.6, Jul Vol.38 No.7, Aug Vol.38 No.8, Sep Vol.38 No.9, Oct Vol.38 No.10, Nov Vol.38 No.11, Dec Vol.38 No.12) | ||
| 260 |
_aNew Delhi _bAssociated Management Consultants |
||
| 650 | _aMBA | ||
| 942 |
_2ddc _cBV |
||